Visión crítica de las razones que fundamentan la inclusión del tipo penal del abuso de armas (Registro nro. 31389)
[ vista simple ]
| 000 -LEADER | |
|---|---|
| fixed length control field | 00400 a2200109 4500 |
| 001 - CONTROL NUMBER | |
| control field | ART_29929 |
| 005 - DATE AND TIME OF LATEST TRANSACTION | |
| control field | 20260410162002.0 |
| 008 - FIXED-LENGTH DATA ELEMENTS--GENERAL INFORMATION | |
| fixed length control field | 260409a |
| 100 1# - MAIN ENTRY--PERSONAL NAME | |
| Personal name | Reynares Solari, Federico G. |
| 245 10 - TITLE STATEMENT | |
| Title | Visión crítica de las razones que fundamentan la inclusión del tipo penal del abuso de armas |
| 773 0# - HOST ITEM ENTRY | |
| Title | Intercátedras |
| Related parts | IV y V Encuentro 2013 - Nº 2 (jun. 2014) |
| Record control number | REV29919 |
No hay ítems disponibles.